| 000 -LEADER |
| fixed length control field |
00967cam a2200277 i 4500 |
| 001 - CONTROL NUMBER |
| control field |
18719607 |
| 005 - DATE AND TIME OF LATEST TRANSACTION |
| control field |
20180115041421.0 |
| 008 - FIXED-LENGTH DATA ELEMENTS--GENERAL INFORMATION |
| fixed length control field |
150728s2009 nyua 001 0 eng d |
| 010 ## - LIBRARY OF CONGRESS CONTROL NUMBER |
| LC control number |
2015460114 |
| 020 ## - INTERNATIONAL STANDARD BOOK NUMBER |
| International Standard Book Number |
9781435109575 (hardback) |
| 020 ## - INTERNATIONAL STANDARD BOOK NUMBER |
| International Standard Book Number |
1435109570 |
| 035 ## - SYSTEM CONTROL NUMBER |
| System control number |
(OCoLC)ocn605365901 |
| 040 ## - CATALOGING SOURCE |
| Original cataloging agency |
CHA |
| Language of cataloging |
eng |
| Description conventions |
rda |
| Transcribing agency |
CHA |
| Modifying agency |
OCLCF |
| -- |
OCLCO |
| -- |
DLC |
| 041 ## - LANGUAGE CODE |
| Language code of text/sound track or separate title |
eng |
| 042 ## - AUTHENTICATION CODE |
| Authentication code |
lccopycat |
| 080 ## - UNIVERSAL DECIMAL CLASSIFICATION NUMBER |
| Universal Decimal Classification number |
100 LOE |
| 082 00 - DEWEY DECIMAL CLASSIFICATION NUMBER |
| Classification number |
100 LOE |
| Edition number |
23 |
| 100 ## - Rafti |
| Rafti |
24 |
| 101 ## - Shkurtesa |
| Shkurtesa |
FIL |
| 245 00 - TITLE STATEMENT |
| Title |
30-second philosophies : |
| Statement of responsibility, etc |
editor, Barry Loewer ; foreword Stephen Law ; contributors Julian Baggini ... [and 4 others]. |
| 246 3# - VARYING FORM OF TITLE |
| Title proper/short title |
Thirty-second philosophies |
| 504 ## - BIBLIOGRAPHY, ETC. NOTE |
| Bibliography, etc |
Includes bibliographical references (p. 156-157) and index. |
| 906 ## - LOCAL DATA ELEMENT F, LDF (RLIN) |
| a |
7 |
| b |
cbc |
| c |
copycat |
| d |
2 |
| e |
ncip |
| f |
20 |
| g |
y-gencatlg |
| 942 ## - ADDED ENTRY ELEMENTS (KOHA) |
| Source of classification or shelving scheme |
|
| Item type |
Books |